Statistiken für 3 Größte Städte in Deutschlands Nachbarländern

Klicken Sie hier um das Quiz zu spielen!

Allgemein

  • Dieses Quiz wurde 800 mal gespielt
  • Das Durchschnittsergebnis liegt bei 17 aus 27

Antwortstatistiken

EinwohnerStadt% Korrekt
1,931,593Wien
98%
644,431Kopenhagen
95%
2,165,423Paris
95%
1,301,432Prag
95%
903,399Amsterdam
94%
1,794,166Warschau
94%
128,494Luxemburg
91%
423,193Zürich
87%
870,731Marseille
84%
655,468Rotterdam
81%
522,969Lyon
80%
530,630Antwerpen
68%
203,401Genf
67%
779,966Krakau
67%
292,630Graz
66%
173,064Basel
65%
553,417Den Haag
65%
207,247Linz
58%
265,086Gent
47%
355,238Aarhus
41%
398,510Brünn
37%
672,185Lodz
35%
221,082Aalborg
27%
36,177Esch an der Alzette
22%
202,421Charleroi
17%
282,450Ostrava
17%
28,641Differdingen
6%

Verteilung der Resultate

Perzentil nach korrekt beantworteten Fragen

Anzahl Personen mit jedem Resultat

Ihre Resultats-Entwicklung

Sie haben dieses Quiz noch nicht gespielt